000 00383nam a2200121Ia 4500
008 190722s9999 xx 000 0 und d
020 _a978-93-325-3660-9
100 _aSullivan , Sheffrin, Perez
245 0 _aMacroeconomics (Principles, Applications, And Tools)
260 _aNew Delhi
_bPearson (Indian Ed.) Pvt. Ltd. Dorling Kindersley Pvt. Ltd.
_c2015
300 _a380
942 _cBK
999 _c379
_d379